[Event "Moscow Open 2016 B"]
[Site "?"]
[Date "2016.02.04"]
[Round "6.22"]
[White "Vasilevich, Tatjana"]
[Black "Tarasova, Viktoriya"]
[Result "1/2-1/2"]
[BlackElo "2226"]
[WhiteElo "2380"]
[LiveChessVersion "1.4.7"]

1. d4 {[%clk 1:30:57]} Nf6 {[%clk 1:30:53]} 2. Nf3 {[%clk 1:31:24]} e6
{[%clk 1:31:01]} 3. e3 {[%clk 1:31:51]} b6 {[%clk 1:31:20]} 4. Bd3
{[%clk 1:32:13]} Bb7 {[%clk 1:31:44]} 5. O-O {[%clk 1:32:31]} d5 {[%clk 1:31:42]}
6. b3 {[%clk 1:32:16]} Bd6 {[%clk 1:31:36]} 7. Bb2 {[%clk 1:32:38]} Nbd7
{[%clk 1:30:55]} 8. Ne5 {[%clk 1:31:47]} O-O {[%clk 1:29:51]} 9. Nd2
{[%clk 1:31:34]} c5 {[%clk 1:27:42]} 10. f4 {[%clk 1:30:16]} cxd4
{[%clk 1:21:04]} 11. exd4 {[%clk 1:30:39]} Ne4 {[%clk 1:16:56]} 12. Nxe4
{[%clk 1:06:43]} dxe4 {[%clk 1:17:15]} 13. Bb5 {[%clk 1:07:08]} Nxe5
{[%clk 1:08:31]} 14. fxe5 {[%clk 1:06:12]} Be7 {[%clk 1:08:25]} 15. Qh5
{[%clk 0:38:06]} Rc8 {[%clk 0:50:41]} 16. c3 {[%clk 0:38:08]} a6 {[%clk 0:49:59]}
17. Be2 {[%clk 0:38:24]} Bg5 {[%clk 0:48:42]} 18. Rad1 {[%clk 0:30:40]} Rc7
{[%clk 0:43:47]} 19. Qh3 {[%clk 0:26:47]} Qe7 {[%clk 0:40:24]} 20. Bh5
{[%clk 0:19:47]} f5 {[%clk 0:32:26]} 21. exf6 {[%clk 0:19:57]} gxf6
{[%clk 0:31:47]} 22. Qg3 {[%clk 0:19:16]} Qg7 {[%clk 0:31:20]} 23. Ba3
{[%clk 0:13:00]} Rd8 {[%clk 0:27:41]} 24. c4 {[%clk 0:10:46]} b5 {[%clk 0:15:57]}
25. d5 {[%clk 0:08:52]} exd5 {[%clk 0:14:54]} 26. cxd5 {[%clk 0:09:20]} Rc2
{[%clk 0:13:42]} 27. Bg4 {[%clk 0:07:14]} e3 {[%clk 0:09:23]} 28. Rfe1
{[%clk 0:07:39]} Kh8 {[%clk 0:08:17]} 29. Re2 {[%clk 0:05:44]} Rd2
{[%clk 0:05:21]} 30. Rf1 {[%clk 0:03:52]} Bxd5 {[%clk 0:04:46]} 31. Bc1
{[%clk 0:01:06]} Rxe2 {[%clk 0:04:41]} 32. Bxe2 {[%clk 0:01:34]} Rg8
{[%clk 0:02:48]} 33. Bf3 {[%clk 0:01:19]} e2 {[%clk 0:02:10]} 34. Re1
{[%clk 0:00:56]} Bh4 {[%clk 0:00:47]} 35. Qxg7+ {[%clk 0:01:04]} Rxg7
{[%clk 0:01:12]} 36. Rxe2 {[%clk 0:01:20]} Bxf3 {[%clk 0:01:05]} 37. Re8+
{[%clk 0:01:48]} Rg8 {[%clk 0:01:27]} 38. Rxg8+ {[%clk 0:02:16]} Kxg8
{[%clk 0:01:53]} 39. gxf3 {[%clk 0:02:43]} Kf7 {[%clk 0:02:09]} 40. Kf1
{[%clk 0:32:17]} Ke6 {[%clk 0:32:27]} 41. Ke2 {[%clk 0:32:34]} Kd5
{[%clk 0:32:43]} 42. Kd3 {[%clk 0:32:47]} f5 {[%clk 0:32:53]} 43. Bb2
{[%clk 0:32:42]} 1/2-1/2

[Event "Moscow Open 2016 B"]
[Site "?"]
[Date "2016.02.04"]
[Round "6.23"]
[White "Tsolakidou, Stavroula"]
[Black "Solozhenkina, Elizaveta"]
[Result "1/2-1/2"]
[BlackElo "1997"]
[WhiteElo "2338"]
[LiveChessVersion "1.4.7"]

1. d4 {[%clk 1:30:57]} d5 {[%clk 1:30:55]} 2. c4 {[%clk 1:31:19]} e6
{[%clk 1:31:20]} 3. Nf3 {[%clk 1:31:32]} Nf6 {[%clk 1:31:40]} 4. g3
{[%clk 1:31:43]} Be7 {[%clk 1:32:04]} 5. Bg2 {[%clk 1:32:04]} O-O
{[%clk 1:32:27]} 6. O-O {[%clk 1:32:22]} dxc4 {[%clk 1:32:54]} 7. Qc2
{[%clk 1:32:32]} b6 {[%clk 1:33:12]} 8. Ne5 {[%clk 1:18:00]} Nd5 {[%clk 1:33:36]}
9. Qxc4 {[%clk 1:14:37]} Ba6 {[%clk 1:31:48]} 10. Qc2 {[%clk 1:12:28]} Bf6
{[%clk 1:32:04]} 11. Nc3 {[%clk 1:08:14]} c5 {[%clk 1:23:45]} 12. Nxd5
{[%clk 0:57:40]} exd5 {[%clk 1:24:07]} 13. Qb3 {[%clk 0:44:25]} Bb7
{[%clk 1:10:16]} 14. Rd1 {[%clk 0:40:04]} Na6 {[%clk 1:03:57]} 15. Be3
{[%clk 0:30:45]} Bxe5 {[%clk 1:00:48]} 16. dxe5 {[%clk 0:31:09]} c4
{[%clk 0:59:03]} 17. Qa3 {[%clk 0:26:45]} Nc7 {[%clk 0:57:22]} 18. Rac1
{[%clk 0:20:01]} Qb8 {[%clk 0:49:52]} 19. Bg5 {[%clk 0:15:54]} Re8
{[%clk 0:44:23]} 20. f4 {[%clk 0:14:14]} Ne6 {[%clk 0:31:44]} 21. Be7
{[%clk 0:13:51]} g5 {[%clk 0:24:23]} 22. f5 {[%clk 0:08:36]} Nc5 {[%clk 0:16:46]}
23. Bf6 {[%clk 0:06:19]} Rxe5 {[%clk 0:06:06]} 24. Bxe5 {[%clk 0:05:54]} Qxe5
{[%clk 0:06:35]} 25. Qc3 {[%clk 0:04:28]} Qxe2 {[%clk 0:06:20]} 26. Rd2
{[%clk 0:02:43]} Qe7 {[%clk 0:03:56]} 27. Qd4 {[%clk 0:02:19]} Nd3
{[%clk 0:02:47]} 28. Rf1 {[%clk 0:02:40]} Re8 {[%clk 0:02:48]} 29. f6
{[%clk 0:02:10]} Qe5 {[%clk 0:02:23]} 30. Qxe5 {[%clk 0:01:15]} Rxe5
{[%clk 0:02:52]} 31. Bf3 {[%clk 0:01:12]} b5 {[%clk 0:02:50]} 32. Be2
{[%clk 0:00:52]} Nc5 {[%clk 0:03:14]} 33. Bf3 {[%clk 0:00:39]} Nd3
{[%clk 0:03:14]} 34. Be2 {[%clk 0:00:41]} Nc5 {[%clk 0:03:43]} 35. Bf3
{[%clk 0:00:54]} Nd3 {[%clk 0:04:00]} 36. Be2 {[%clk 0:00:43]} Nc5
{[%clk 0:03:53]} 37. Bf3 {[%clk 0:00:51]} 1/2-1/2

[Event "Moscow Open 2016 B"]
[Site "?"]
[Date "2016.02.04"]
[Round "6.24"]
[White "Zhemchuzhina, Elizaveta"]
[Black "Schneider, Veronika"]
[Result "0-1"]
[BlackElo "2259"]
[WhiteElo "1890"]
[LiveChessVersion "1.4.7"]

1. d4 {[%clk 1:30:57]} Nf6 {[%clk 1:30:42]} 2. c4 {[%clk 1:31:25]} e6
{[%clk 1:31:02]} 3. Nc3 {[%clk 1:31:47]} Bb4 {[%clk 1:30:54]} 4. e3
{[%clk 1:32:10]} c5 {[%clk 1:29:53]} 5. Nge2 {[%clk 1:32:10]} O-O
{[%clk 1:28:01]} 6. a3 cxd4 {[%clk 1:20:06]} 7. exd4 {[%clk 1:27:53]} Be7
{[%clk 1:19:46]} 8. g3 {[%clk 1:21:07]} Qc7 {[%clk 1:15:03]} 9. Qd3
{[%clk 1:17:15]} b6 {[%clk 1:13:06]} 10. Bg2 {[%clk 1:16:45]} Bb7 11. Bf4 d6
{[%clk 1:07:18]} 12. Nb5 {[%clk 1:00:21]} Qd7 {[%clk 1:07:26]} 13. Bxb7
{[%clk 0:59:29]} Qxb7 {[%clk 1:07:47]} 14. O-O {[%clk 0:56:32]} Rd8 15. Rad1 a6
{[%clk 0:55:07]} 16. Nbc3 {[%clk 0:56:49]} Nbd7 17. Bc1 {[%clk 0:48:47]} Rac8
{[%clk 0:51:25]} 18. b3 {[%clk 0:47:14]} d5 {[%clk 0:48:53]} 19. cxd5
{[%clk 0:44:51]} Nxd5 20. Nxd5 {[%clk 0:43:48]} Qxd5 {[%clk 0:41:30]} 21. Nf4
{[%clk 0:41:48]} Qb7 {[%clk 0:40:12]} 22. Rfe1 {[%clk 0:35:34]} Nf6
{[%clk 0:38:14]} 23. Bb2 Bd6 {[%clk 0:27:41]} 24. Ng2 {[%clk 0:32:06]} b5
{[%clk 0:21:56]} 25. Rc1 {[%clk 0:23:02]} h6 26. Rxc8 {[%clk 0:20:37]} Rxc8
{[%clk 0:22:16]} 27. Re2 {[%clk 0:18:37]} Qd5 {[%clk 0:19:11]} 28. Rc2 Rxc2
{[%clk 0:12:06]} 29. Qxc2 {[%clk 0:15:50]} Qf3 {[%clk 0:11:47]} 30. Ne1
{[%clk 0:14:39]} Qh5 {[%clk 0:10:59]} 31. Qc8+ {[%clk 0:12:02]} Bf8
{[%clk 0:10:58]} 32. f3 {[%clk 0:11:32]} Qd5 {[%clk 0:09:05]} 33. Qc3
{[%clk 0:10:19]} g5 {[%clk 0:07:34]} 34. Kf2 {[%clk 0:07:56]} g4 {[%clk 0:07:18]}
35. Qe3 {[%clk 0:07:33]} Bg7 {[%clk 0:06:47]} 36. Nc2 {[%clk 0:05:46]} Qf5
{[%clk 0:05:45]} 37. Ne1 {[%clk 0:04:44]} Qb1 {[%clk 0:02:57]} 38. Qc1
{[%clk 0:04:15]} Qf5 {[%clk 0:02:24]} 39. Qc8+ {[%clk 0:03:42]} Bf8
{[%clk 0:02:19]} 40. Qc2 {[%clk 0:31:40]} Qh5 41. Kg2 {[%clk 0:27:21]} Qd5
{[%clk 0:29:19]} 42. Qc3 {[%clk 0:25:17]} Nh7 43. Bc1 Bg7 {[%clk 0:23:00]} 44.
Nc2 {[%clk 0:20:02]} Nf8 {[%clk 0:21:10]} 45. Bb2 a5 46. Kf2 {[%clk 0:12:53]} h5
{[%clk 0:13:41]} 47. Ne1 {[%clk 0:10:56]} Ng6 48. Ng2 {[%clk 0:07:39]} gxf3
{[%clk 0:06:45]} 49. Ne3 {[%clk 0:06:21]} Qe4 {[%clk 0:06:17]} 50. Qxa5
{[%clk 0:06:03]} Bh6 {[%clk 0:04:46]} 51. Bc1 {[%clk 0:05:06]} Qxd4
{[%clk 0:04:19]} 52. Qa8+ {[%clk 0:04:26]} Kh7 {[%clk 0:04:15]} 53. Qxf3
{[%clk 0:04:00]} Ne5 {[%clk 0:04:05]} 54. Qxh5 {[%clk 0:02:17]} Nd3+
{[%clk 0:03:49]} 55. Kg2 {[%clk 0:01:30]} Qe4+ {[%clk 0:02:15]} 56. Kg1
{[%clk 0:01:07]} Nxc1 {[%clk 0:01:14]} 57. Qxf7+ {[%clk 0:01:31]} Bg7
{[%clk 0:01:32]} 58. Qh5+ {[%clk 0:01:47]} Kg8 {[%clk 0:01:55]} 59. Qe8+
{[%clk 0:01:35]} Bf8 {[%clk 0:02:23]} 60. Ng2 {[%clk 0:01:30]} Ne2+
{[%clk 0:01:58]} 61. Kf2 {[%clk 0:01:38]} Nd4 {[%clk 0:02:15]} 62. Nh4
{[%clk 0:01:24]} Qe2+ {[%clk 0:00:55]} 63. Kg1 {[%clk 0:01:51]} Qe1+
{[%clk 0:00:41]} 64. Kg2 {[%clk 0:02:20]} Qe2+ {[%clk 0:00:52]} 65. Kg1
{[%clk 0:01:49]} Qe1+ {[%clk 0:00:36]} 66. Kg2 {[%clk 0:02:13]} Qe4+
{[%clk 0:00:44]} 67. Kh3 {[%clk 0:00:42]} Kg7 {[%clk 0:00:36]} 68. Qh5
{[%clk 0:00:42]} Be7 {[%clk 0:00:36]} 69. Qe8 {[%clk 0:00:35]} Bxh4
{[%clk 0:00:39]} 70. Qd7+ {[%clk 0:01:04]} Kh6 {[%clk 0:00:42]} 71. Qf7
{[%clk 0:01:15]} Qf5+ {[%clk 0:00:34]} 72. Qxf5 {[%clk 0:01:33]} exf5
{[%clk 0:01:01]} 73. gxh4 {[%clk 0:01:32]} Nxb3 {[%clk 0:01:09]} 74. Kg3
{[%clk 0:01:52]} Nd4 {[%clk 0:01:06]} 75. Kf4 {[%clk 0:02:17]} Kg6
{[%clk 0:00:59]} 0-1

[Event "Moscow Open 2016 B"]
[Site "?"]
[Date "2016.02.04"]
[Round "6.25"]
[White "Pustovoitova, Daria"]
[Black "Khlichkova, Tatiana"]
[Result "1-0"]
[BlackElo "2285"]
[WhiteElo "2356"]
[LiveChessVersion "1.4.7"]

1. Nf3 {[%clk 1:30:57]} d5 {[%clk 1:30:51]} 2. d4 {[%clk 1:31:17]} Nf6
{[%clk 1:31:15]} 3. c4 {[%clk 1:31:40]} c6 {[%clk 1:31:42]} 4. Nc3
{[%clk 1:31:56]} dxc4 {[%clk 1:31:52]} 5. a4 {[%clk 1:32:13]} Bf5
{[%clk 1:32:15]} 6. e3 {[%clk 1:30:49]} e6 {[%clk 1:32:05]} 7. Bxc4
{[%clk 1:31:15]} Bb4 {[%clk 1:31:52]} 8. O-O {[%clk 1:31:35]} O-O
{[%clk 1:29:26]} 9. Qe2 {[%clk 1:30:48]} Ne4 {[%clk 1:25:17]} 10. Nxe4
{[%clk 1:25:23]} Bxe4 {[%clk 1:25:42]} 11. Nd2 {[%clk 1:25:30]} Bg6
{[%clk 1:24:56]} 12. Nb3 {[%clk 1:25:10]} Qh4 {[%clk 1:13:17]} 13. f3
{[%clk 1:23:30]} Bd6 {[%clk 1:05:28]} 14. g3 {[%clk 1:22:16]} Qh3
{[%clk 1:05:30]} 15. e4 {[%clk 1:21:53]} Nd7 {[%clk 1:02:01]} 16. Rd1
{[%clk 1:19:05]} e5 {[%clk 0:53:10]} 17. dxe5 {[%clk 1:06:39]} Bxe5
{[%clk 0:53:16]} 18. Qf2 {[%clk 1:01:20]} Bc7 {[%clk 0:40:02]} 19. a5
{[%clk 0:57:42]} Ne5 {[%clk 0:32:54]} 20. Bf1 {[%clk 0:56:03]} Qh5
{[%clk 0:26:28]} 21. Be2 {[%clk 0:55:17]} Qh3 {[%clk 0:26:51]} 22. Qg2
{[%clk 0:26:55]} Qxg2+ {[%clk 0:24:17]} 23. Kxg2 {[%clk 0:26:25]} Rad8
{[%clk 0:24:16]} 24. Be3 {[%clk 0:21:44]} b6 {[%clk 0:24:27]} 25. Rdc1
{[%clk 0:18:44]} c5 {[%clk 0:23:27]} 26. axb6 {[%clk 0:18:31]} axb6
{[%clk 0:23:52]} 27. Ra7 {[%clk 0:18:18]} Bd6 {[%clk 0:18:57]} 28. Nd2
{[%clk 0:16:53]} f5 {[%clk 0:17:45]} 29. f4 {[%clk 0:12:19]} Nc6 {[%clk 0:16:57]}
30. Rb7 {[%clk 0:12:34]} fxe4 {[%clk 0:17:04]} 31. Rxb6 {[%clk 0:09:52]} Nd4
{[%clk 0:17:29]} 32. Bg4 {[%clk 0:04:26]} Bf5 {[%clk 0:04:48]} 33. Bd1
{[%clk 0:01:50]} Be6 {[%clk 0:03:48]} 34. Bxd4 {[%clk 0:00:44]} cxd4
{[%clk 0:03:59]} 35. Rcc6 {[%clk 0:00:46]} Bxf4 {[%clk 0:02:23]} 36. gxf4
{[%clk 0:01:03]} Bd5 {[%clk 0:02:46]} 37. Rd6 {[%clk 0:01:19]} Ba8
{[%clk 0:03:03]} 38. Kg3 {[%clk 0:00:39]} e3 {[%clk 0:02:33]} 39. Nc4
{[%clk 0:01:07]} Bd5 {[%clk 0:02:35]} 40. Nxe3 {[%clk 0:30:45]} Be4
{[%clk 0:31:10]} 41. Nc4 {[%clk 0:30:21]} d3 {[%clk 0:31:36]} 42. Bb3
{[%clk 0:27:50]} Kh8 {[%clk 0:31:46]} 43. Ne5 {[%clk 0:27:52]} 1-0

[Event "Moscow Open 2016 B"]
[Site "?"]
[Date "2016.02.05"]
[Round "7.19"]
[White "Kovanova, Baira"]
[Black "Bodnaruk, Anastasia"]
[Result "1/2-1/2"]
[BlackElo "2453"]
[WhiteElo "2381"]
[LiveChessVersion "1.4.7"]

1. d4 {[%clk 1:30:58]} Nf6 {[%clk 1:30:42]} 2. c4 {[%clk 1:31:23]} e6
{[%clk 1:30:44]} 3. Nf3 {[%clk 1:31:27]} Bb4+ {[%clk 1:24:27]} 4. Bd2
{[%clk 1:31:32]} Bxd2+ {[%clk 1:24:09]} 5. Qxd2 {[%clk 1:31:46]} b6
{[%clk 1:23:57]} 6. g3 {[%clk 1:30:32]} Ba6 {[%clk 1:23:24]} 7. Qc2
{[%clk 1:29:21]} d5 {[%clk 1:18:41]} 8. Nbd2 {[%clk 1:28:03]} O-O
{[%clk 1:16:21]} 9. Bg2 {[%clk 1:27:14]} Qe7 {[%clk 1:07:43]} 10. O-O
{[%clk 1:25:34]} c5 {[%clk 1:05:07]} 11. Rfe1 {[%clk 1:18:52]} Nc6
{[%clk 0:50:29]} 12. cxd5 {[%clk 1:03:02]} exd5 {[%clk 0:35:26]} 13. Qa4
{[%clk 0:58:30]} Qb7 {[%clk 0:30:26]} 14. dxc5 {[%clk 0:50:32]} bxc5
{[%clk 0:30:18]} 15. Rac1 {[%clk 0:45:09]} Qb6 {[%clk 0:27:04]} 16. a3
{[%clk 0:39:55]} Rfe8 {[%clk 0:21:46]} 17. e4 {[%clk 0:37:04]} d4
{[%clk 0:14:12]} 18. e5 {[%clk 0:27:27]} Nd7 {[%clk 0:09:22]} 19. b4
{[%clk 0:24:37]} Bb5 {[%clk 0:07:27]} 20. Qb3 {[%clk 0:24:49]} Re7
{[%clk 0:02:08]} 21. bxc5 {[%clk 0:11:07]} Nxc5 {[%clk 0:02:17]} 22. Qd5
{[%clk 0:10:47]} Nd3 {[%clk 0:02:13]} 23. Rb1 {[%clk 0:07:51]} Nxe1
{[%clk 0:02:19]} 24. Rxb5 {[%clk 0:07:14]} Rd8 {[%clk 0:00:38]} 25. Rxb6
{[%clk 0:04:13]} Rxd5 {[%clk 0:01:07]} 26. Rxc6 {[%clk 0:03:22]} Nxf3+
{[%clk 0:01:35]} 27. Bxf3 {[%clk 0:03:03]} Rd8 {[%clk 0:00:41]} 28. Rd6
{[%clk 0:01:41]} Rxd6 {[%clk 0:00:55]} 29. exd6 {[%clk 0:02:10]} Re1+
{[%clk 0:01:14]} 30. Kg2 {[%clk 0:02:35]} Kf8 {[%clk 0:01:31]} 31. Bc6
{[%clk 0:01:35]} Re6 {[%clk 0:01:42]} 32. Nc4 {[%clk 0:01:08]} d3
{[%clk 0:02:08]} 33. Kf3 {[%clk 0:01:21]} f5 {[%clk 0:01:29]} 34. Ba4
{[%clk 0:01:10]} Re4 {[%clk 0:01:25]} 35. Bb3 {[%clk 0:01:15]} Ke8
{[%clk 0:00:51]} 36. Ne3 {[%clk 0:00:44]} g6 {[%clk 0:00:42]} 37. g4
{[%clk 0:01:09]} Rd4 {[%clk 0:00:38]} 38. gxf5 {[%clk 0:01:21]} Rxd6
{[%clk 0:01:00]} 39. fxg6 {[%clk 0:01:08]} Rxg6 {[%clk 0:00:58]} 40. Nc4
{[%clk 0:30:37]} Rh6 {[%clk 0:30:49]} 41. Nd2 {[%clk 0:25:44]} Rxh2
{[%clk 0:29:09]} 42. Bc4 {[%clk 0:24:05]} Ke7 {[%clk 0:24:20]} 43. Bxd3
{[%clk 0:22:21]} Rh3+ {[%clk 0:21:52]} 44. Ke2 {[%clk 0:20:22]} h6
{[%clk 0:16:05]} 45. a4 {[%clk 0:20:17]} Ke6 {[%clk 0:15:00]} 46. f4
{[%clk 0:15:53]} h5 {[%clk 0:12:57]} 47. Nf3 {[%clk 0:12:27]} Rh1
{[%clk 0:12:45]} 48. Ng5+ {[%clk 0:10:19]} Ke7 {[%clk 0:11:38]} 49. a5
{[%clk 0:07:34]} h4 {[%clk 0:10:42]} 50. f5 {[%clk 0:01:33]} h3 {[%clk 0:09:25]}
51. Be4 {[%clk 0:01:46]} Ra1 {[%clk 0:09:09]} 52. Nxh3 {[%clk 0:02:03]} Rxa5
{[%clk 0:09:26]} 53. Kf3 {[%clk 0:01:47]} Kf6 {[%clk 0:08:45]} 54. Kf4
{[%clk 0:01:33]} Ra1 {[%clk 0:08:20]} 55. Nf2 {[%clk 0:01:08]} Rf1
{[%clk 0:08:18]} 56. Ke3 {[%clk 0:00:55]} 1/2-1/2

[Event "Moscow Open 2016 B"]
[Site "?"]
[Date "2016.02.05"]
[Round "7.20"]
[White "Schneider, Veronika"]
[Black "Galojan, Lilit"]
[Result "1-0"]
[BlackElo "2295"]
[WhiteElo "2259"]
[LiveChessVersion "1.4.7"]

1. e4 {[%clk 1:30:43]} e5 {[%clk 1:30:52]} 2. Nf3 {[%clk 1:30:55]} Nc6
{[%clk 1:31:09]} 3. Nc3 {[%clk 1:31:02]} Nf6 {[%clk 1:31:06]} 4. d4
{[%clk 1:31:22]} exd4 {[%clk 1:31:31]} 5. Nxd4 {[%clk 1:31:43]} Bb4
{[%clk 1:31:58]} 6. Nxc6 {[%clk 1:31:53]} bxc6 {[%clk 1:32:22]} 7. Bd3
{[%clk 1:32:05]} d5 {[%clk 1:31:04]} 8. exd5 {[%clk 1:31:40]} cxd5
{[%clk 1:31:31]} 9. O-O {[%clk 1:31:57]} O-O {[%clk 1:31:53]} 10. h3
{[%clk 1:31:48]} c6 {[%clk 1:21:01]} 11. Qf3 {[%clk 1:31:50]} Bd6
{[%clk 1:17:12]} 12. Bf4 {[%clk 1:31:00]} a5 {[%clk 0:55:02]} 13. Rfe1
{[%clk 1:25:07]} Bxf4 {[%clk 0:52:00]} 14. Qxf4 {[%clk 1:25:22]} Be6
{[%clk 0:51:07]} 15. Na4 {[%clk 1:17:39]} Qb8 {[%clk 0:47:44]} 16. Qxb8
{[%clk 1:09:38]} Raxb8 {[%clk 0:47:40]} 17. b3 {[%clk 1:08:55]} Rfe8
{[%clk 0:45:11]} 18. Rad1 {[%clk 1:05:32]} Kf8 {[%clk 0:44:26]} 19. Nc5
{[%clk 1:00:59]} g6 {[%clk 0:33:49]} 20. Rd2 {[%clk 0:47:02]} Nd7
{[%clk 0:29:04]} 21. Rxe6 {[%clk 0:42:53]} Nxc5 {[%clk 0:29:30]} 22. Rxc6
{[%clk 0:43:09]} Rec8 {[%clk 0:25:09]} 23. Bb5 {[%clk 0:33:25]} Ne4
{[%clk 0:20:17]} 24. Rxd5 {[%clk 0:32:05]} Nc3 {[%clk 0:17:39]} 25. Rdc5
{[%clk 0:31:58]} Rxc6 {[%clk 0:17:49]} 26. Bxc6 {[%clk 0:32:19]} Nxa2
{[%clk 0:17:19]} 27. Rxa5 {[%clk 0:24:54]} Nb4 {[%clk 0:14:17]} 28. Bd5
{[%clk 0:24:19]} Nxc2 {[%clk 0:01:10]} 29. Ra7 {[%clk 0:24:32]} f5
{[%clk 0:01:18]} 30. Rxh7 {[%clk 0:24:44]} Rb6 {[%clk 0:01:41]} 31. Rf7+
{[%clk 0:17:51]} Ke8 {[%clk 0:02:03]} 32. Rb7 {[%clk 0:17:54]} Rd6
{[%clk 0:02:02]} 33. Bc4 {[%clk 0:18:00]} Nd4 {[%clk 0:00:32]} 34. h4
{[%clk 0:15:29]} Kf8 {[%clk 0:00:42]} 35. g3 {[%clk 0:14:25]} Nc2
{[%clk 0:00:50]} 36. h5 {[%clk 0:12:37]} gxh5 {[%clk 0:01:08]} 37. Rf7+
{[%clk 0:12:59]} Ke8 {[%clk 0:01:29]} 38. Rxf5 {[%clk 0:13:18]} Rd1+
{[%clk 0:00:32]} 39. Kg2 {[%clk 0:13:35]} h4 {[%clk 0:00:40]} 40. gxh4
{[%clk 0:43:31]} Ne1+ {[%clk 0:30:35]} 41. Kg3 {[%clk 0:43:26]} Nc2
{[%clk 0:29:43]} 42. h5 {[%clk 0:41:12]} Nd4 {[%clk 0:29:07]} 43. Rf4
{[%clk 0:39:53]} 1-0

[Event "Moscow Open 2016 B"]
[Site "?"]
[Date "2016.02.05"]
[Round "7.21"]
[White "Obolentseva, Alexandra"]
[Black "Soumya, Swaminathan"]
[Result "1/2-1/2"]
[BlackElo "2345"]
[WhiteElo "2194"]
[LiveChessVersion "1.4.7"]

1. d4 {[%clk 1:30:57]} d5 {[%clk 1:30:54]} 2. c4 {[%clk 1:31:22]} c6
{[%clk 1:31:12]} 3. Nf3 {[%clk 1:31:45]} Nf6 {[%clk 1:31:39]} 4. Nc3
{[%clk 1:32:05]} e6 {[%clk 1:32:05]} 5. Bg5 {[%clk 1:32:30]} dxc4
{[%clk 1:32:19]} 6. e4 {[%clk 1:32:56]} b5 {[%clk 1:32:39]} 7. e5
{[%clk 1:33:21]} h6 {[%clk 1:33:07]} 8. Bh4 {[%clk 1:33:45]} g5 {[%clk 1:33:35]}
9. Nxg5 {[%clk 1:34:10]} hxg5 {[%clk 1:34:00]} 10. Bxg5 {[%clk 1:34:35]} Nbd7
{[%clk 1:33:52]} 11. exf6 {[%clk 1:34:57]} Bb7 {[%clk 1:33:50]} 12. g3
{[%clk 1:35:16]} c5 {[%clk 1:33:30]} 13. d5 {[%clk 1:35:41]} Qb6 {[%clk 1:33:55]}
14. Bg2 {[%clk 1:36:04]} O-O-O {[%clk 1:34:13]} 15. O-O {[%clk 1:36:13]} b4
{[%clk 1:34:17]} 16. Rb1 {[%clk 1:36:38]} Qa6 {[%clk 1:33:33]} 17. dxe6
{[%clk 1:35:57]} Bxg2 {[%clk 1:28:53]} 18. e7 {[%clk 1:36:12]} Bxe7
{[%clk 1:19:00]} 19. fxe7 {[%clk 1:36:08]} Rdg8 {[%clk 1:19:25]} 20. Kxg2
{[%clk 1:32:15]} Rxg5 {[%clk 1:13:50]} 21. Qf3 {[%clk 1:14:40]} bxc3
{[%clk 1:08:26]} 22. Rfd1 {[%clk 1:12:05]} Qf6 {[%clk 0:48:01]} 23. Qa8+
{[%clk 0:35:24]} Nb8 {[%clk 0:48:15]} 24. h4 {[%clk 0:31:09]} Re5
{[%clk 0:33:33]} 25. bxc3 {[%clk 0:25:51]} Qc6+ {[%clk 0:34:01]} 26. Qxc6+
{[%clk 0:26:13]} Nxc6 {[%clk 0:34:28]} 27. f4 {[%clk 0:25:39]} Rxe7
{[%clk 0:32:50]} 28. Rd5 {[%clk 0:22:56]} Re3 {[%clk 0:30:07]} 29. Rxc5
{[%clk 0:22:47]} Kc7 {[%clk 0:30:31]} 30. Rb4 {[%clk 0:17:15]} Rg8
{[%clk 0:27:31]} 31. Rbxc4 {[%clk 0:17:26]} Rexg3+ {[%clk 0:27:56]} 32. Kf2
{[%clk 0:17:49]} Rg2+ {[%clk 0:27:36]} 33. Kf1 {[%clk 0:17:31]} R2g6
{[%clk 0:27:44]} 34. h5 {[%clk 0:16:54]} Rh6 {[%clk 0:25:53]} 35. Rf5
{[%clk 0:17:05]} Kd6 {[%clk 0:24:30]} 36. Rfc5 {[%clk 0:13:20]} Nd8
{[%clk 0:16:02]} 37. Ra5 {[%clk 0:12:26]} Ne6 {[%clk 0:15:30]} 38. Rxa7
{[%clk 0:12:09]} Rf6 {[%clk 0:03:57]} 39. Ra6+ {[%clk 0:11:11]} Ke7
{[%clk 0:03:48]} 40. Ra7+ {[%clk 0:35:15]} Kd6 {[%clk 0:31:57]} 41. Ra6+
{[%clk 0:34:44]} Ke7 {[%clk 0:27:10]} 42. Ra7+ {[%clk 0:34:18]} Kf8
{[%clk 0:27:38]} 43. h6 {[%clk 0:31:40]} Rxh6 {[%clk 0:27:16]} 44. f5
{[%clk 0:32:03]} Rh1+ {[%clk 0:14:13]} 45. Ke2 {[%clk 0:29:20]} Rh2+
{[%clk 0:14:04]} 46. Kf1 {[%clk 0:29:21]} Rh1+ {[%clk 0:14:00]} 47. Ke2
{[%clk 0:29:25]} Rh2+ {[%clk 0:14:28]} 48. Kf1 {[%clk 0:29:41]} Rh1+
{[%clk 0:14:54]} 1/2-1/2

[Event "Moscow Open 2016 B"]
[Site "?"]
[Date "2016.02.05"]
[Round "7.22"]
[White "Charochkina, Daria"]
[Black "Martynkova, Olena"]
[Result "0-1"]
[BlackElo "2245"]
[WhiteElo "2396"]
[LiveChessVersion "1.4.7"]

1. Nf3 {[%clk 1:27:51]} Nf6 {[%clk 1:30:47]} 2. g3 {[%clk 1:28:16]} g6
{[%clk 1:31:01]} 3. Bg2 {[%clk 1:28:16]} Bg7 {[%clk 1:31:10]} 4. O-O
{[%clk 1:28:22]} O-O {[%clk 1:31:14]} 5. d4 {[%clk 1:28:36]} d6 {[%clk 1:30:51]}
6. c4 {[%clk 1:28:19]} Nbd7 {[%clk 1:30:19]} 7. Qc2 {[%clk 1:28:34]} e5
{[%clk 1:29:16]} 8. Rd1 {[%clk 1:28:56]} exd4 {[%clk 1:23:30]} 9. Nxd4
{[%clk 1:29:12]} Re8 {[%clk 1:23:19]} 10. Nc3 {[%clk 1:29:28]} a5
{[%clk 1:13:25]} 11. b3 {[%clk 1:27:56]} Nc5 {[%clk 1:07:13]} 12. Bb2
{[%clk 1:25:43]} c6 {[%clk 0:58:29]} 13. e4 {[%clk 1:17:17]} Qc7 {[%clk 0:49:22]}
14. Nde2 {[%clk 1:07:41]} Nfxe4 {[%clk 0:30:00]} 15. Nxe4 {[%clk 0:48:57]} Bxb2
{[%clk 0:30:11]} 16. Qxb2 {[%clk 0:49:10]} Nxe4 {[%clk 0:30:27]} 17. Qd4
{[%clk 0:49:07]} Bf5 {[%clk 0:24:41]} 18. Nf4 {[%clk 0:47:56]} Nc5
{[%clk 0:22:00]} 19. h4 {[%clk 0:47:51]} h5 {[%clk 0:19:58]} 20. Rd2
{[%clk 0:39:03]} Ne6 {[%clk 0:16:55]} 21. Nxe6 {[%clk 0:39:11]} Rxe6
{[%clk 0:17:02]} 22. f3 {[%clk 0:38:57]} Qe7 {[%clk 0:15:45]} 23. Rf1
{[%clk 0:37:26]} a4 {[%clk 0:13:38]} 24. g4 {[%clk 0:27:34]} hxg4
{[%clk 0:09:24]} 25. fxg4 {[%clk 0:27:59]} Be4 {[%clk 0:09:38]} 26. Rdf2
{[%clk 0:28:03]} Rf8 {[%clk 0:04:23]} 27. h5 {[%clk 0:28:01]} Bxg2
{[%clk 0:03:44]} 28. h6 {[%clk 0:25:09]} Re5 {[%clk 0:03:51]} 29. Rxg2
{[%clk 0:25:14]} c5 {[%clk 0:02:40]} 30. Qd2 {[%clk 0:22:53]} Kh7
{[%clk 0:01:06]} 31. g5 {[%clk 0:23:04]} Re8 {[%clk 0:00:51]} 32. Qc3
{[%clk 0:20:11]} axb3 {[%clk 0:00:40]} 33. axb3 {[%clk 0:20:26]} Rf8
{[%clk 0:00:40]} 34. Kh1 {[%clk 0:19:18]} f6 {[%clk 0:00:34]} 35. Qd2
{[%clk 0:08:18]} fxg5 {[%clk 0:00:37]} 36. Rd1 {[%clk 0:07:44]} Rf6
{[%clk 0:00:34]} 37. Qc3 {[%clk 0:07:05]} Re3 {[%clk 0:00:36]} 38. Rd3
{[%clk 0:05:53]} Rxd3 {[%clk 0:00:38]} 39. Qxd3 {[%clk 0:06:20]} Qe1+
{[%clk 0:00:45]} 40. Kh2 {[%clk 0:36:46]} Rf1 {[%clk 0:30:34]} 0-1